One piece Armada de Luffy - Statistiques

Statistiques générales
  • Ce quiz a été pris 175 fois
  • Le résultat moyen est 17 sur 22
Statistiques - réponses
Indice Réponse % Correct
Capitaine Monkey D Luffy
100%
Epéiste et second du capitaine Roronoa Zoro
99%
Navigatrice Nami
98%
Cuisinier Sanji
97%
Médecin Tony Tony Chopper
97%
Tireur d'élite Usopp
97%
Archéologue Nico Robin
96%
Musicien Brook
95%
Charpentier Franky
95%
Timonier Jinbe
89%
Actuel navire Thousand Sunny
89%
Premier navire Vogue Merry
87%
Ancien(ne) membre Nefertari Vivi
83%
Ame du Climat-tact Zeus
64%
L'équipage de " " Bartolomeo
60%
L'équipage des magnifiques pirates Cavendish
59%
Nains-Pirates Tontatta Léo
59%
Canard géant Kaloo
53%
Nouvel équipage des géants Hajrudin
38%
Flotte de Happou Sai
36%
L'équipage de " " Ideo
32%
Flotte Yonta Maria Orlumbus
30%
Aucun quiz correspondant
Distribution des résultats
% des personnes avec chaque résultat
Percentile par nombre de réponses
Votre historique - résultats
Vous n’avez pas pris ce quiz